Get the Picture: WWII's Big Three Quiz Stats

 Plays Quiz Updated Sep 12, 2019

Score 0/15 Timer 03:00
2 Plays Today
Question Answer Wrong Answers
'Our Red Army now needs IL-2 aircraft like the air it breathes, like the bread it eats.' Joseph Stalin
87.4%
Franklin D. Roosevelt
3%
Winston Churchill
2.7%
'Yesterday, December 7, 1941 — a date which will live in infamy...' Franklin D. Roosevelt
81.4%
Joseph Stalin
2.7%
Winston Churchill
9.1%
'We must be the great arsenal of democracy.' Franklin D. Roosevelt
77.5%
Joseph Stalin
4.8%
Winston Churchill
11.9%
'Never in the field of human conflict was so much owed by so many to so few.' Winston Churchill
66.8%
Franklin D. Roosevelt
23.1%
Joseph Stalin
3.7%
'I have nothing to offer but blood, toil, tears and sweat.' Winston Churchill
66.3%
Franklin D. Roosevelt
10.7%
Joseph Stalin
16.5%
'This war is not as in the past; whoever occupies a territory also imposes on it his own social system. Everyone imposes his own system as far as his army can reach.' Joseph Stalin
65%
Franklin D. Roosevelt
16.3%
Winston Churchill
12.4%
'You ask, what is our aim? I can answer in one word: Victory. Victory at all costs. Victory in spite of all terror. Victory, however long and hard the road may be, for without victory there is no survival.' Winston Churchill
62.1%
Franklin D. Roosevelt
14.3%
Joseph Stalin
16.6%
'This is not the end. It is not even the beginning of the end. But it is, perhaps, the end of the beginning.' Winston Churchill
61.4%
Franklin D. Roosevelt
21.8%
Joseph Stalin
10.1%
'I cannot forecast to you the action of Russia. It is a riddle wrapped inside a mystery inside an enigma.' Winston Churchill
58%
Franklin D. Roosevelt
17.2%
Joseph Stalin
18.3%
'Yes, we believe that the Nazis and the Fascists have asked for it — and they are going to get it.' Franklin D. Roosevelt
46.5%
Joseph Stalin
22.9%
Winston Churchill
23.9%
'History shows that there are no invincible armies and that there never have been.' Joseph Stalin
37.8%
Franklin D. Roosevelt
28.1%
Winston Churchill
27.5%
'Hitlers come and go, but Germany and the German people remain.' Joseph Stalin
36.7%
Franklin D. Roosevelt
24.8%
Winston Churchill
32.1%
'Ours is a just cause; victory will be ours!' Joseph Stalin
31.8%
Franklin D. Roosevelt
30.3%
Winston Churchill
31.4%
'No man can tame a tiger into a kitten by stroking it. There can be no appeasement with ruthlessness. There can be no reasoning with an incendiary bomb.' Franklin D. Roosevelt
29.9%
Joseph Stalin
29.3%
Winston Churchill
34.9%
'For the enemy is strong. He may hurl back our forces. Success may not come with rushing speed, but we shall return again and again.' Franklin D. Roosevelt
25.9%
Joseph Stalin
31.8%
Winston Churchill
35.7%

Today's Daily Dose

Missing Word
Banned Books (A-Z)

Word Ladder
Janis Joplin

Get the Picture
Occupations

You're not logged in!

Compare scores with friends on all Sporcle quizzes.
OR
Log In

Sporcle TV

Today on Sporcle TV


Watch our educational content, quiz creation guides, and fun videos on Sporcle TV.

Show Comments

Extras

Top Quizzes Today


Score Distribution

Your Account Isn't Verified!

In order to create a playlist on Sporcle, you need to verify the email address you used during registration. Go to your Sporcle Settings to finish the process.

Report this User

Report this user for behavior that violates our Community Guidelines.

Details: